| 000 | 00556nam a2200181Ia 4500 | ||
|---|---|---|---|
| 008 | 140626s9999 xx 000 0 und d | ||
| 100 | _aChen, Yuxin.. | ||
| 245 |
_aModeling credit card share of wallet : _b solving the incomplete information problem / _cYuxin Chen ... [et al.]. |
||
| 260 | _cc2012. | ||
| 300 | _a49 : 5, page 655 | ||
| 440 | _aJournal of Marketing Research | ||
| 521 | _aBSBA | ||
| 650 | _aBayesian estimation. | ||
| 650 | _aFinancial services. | ||
| 650 | _aInterpurchase times. | ||
| 650 | _aProbability models. | ||
| 942 | _cSE | ||
| 999 |
_c121056 _d121056 |
||